000 00385nam a2200169Ia 4500
008 151213s9999 xx 000 0 und d
020 _a9848372-00-7
100 _aDr. L.Kabir
245 _aRoman Law
_cDr. L.Kabir
250 _a4th
260 _aDhaka
_bMd. Saiful Islam
_c2009
300 _a8021 p.
650 _aLaw
650 _aLaw
700 _aDr. L.Kabir
999 _c4061
_d4061